|
|
|
|
| LEADER |
00000nam a2200000 a 4500 |
| 001 |
vtls008155701 |
| 003 |
SK-MaSNL |
| 005 |
20260301134927.0 |
| 008 |
251031s2005 xo g 000 0 slo |
| 015 |
|
|
|a SNBA2005/05-01945
|
| 020 |
|
|
|a 8096915096
|q (brož.)
|
| 040 |
|
|
|a SNK
|b slo
|c SNK
|e AACR2
|
| 041 |
1 |
|
|a slo
|h eng
|
| 072 |
|
7 |
|a 27-1-2
|x Kresťanská teológia. Dogmatická teológia
|2 konspekt
|
| 080 |
|
|
|a 27-423.79
|2 MDT-MRF
|
| 080 |
|
|
|a 27-184.3
|2 MDT-MRF
|
| 080 |
|
|
|a 27-277.2
|2 MDT-MRF
|
| 080 |
|
|
|a (049)
|2 MDT-MRF
|
| 080 |
|
|
|a 171
|2 MDT-MRF
|
| 100 |
1 |
|
|a Prince, Derek,
|d 1915-2003
|4 aut
|9 105163
|
| 240 |
1 |
0 |
|a God's remedy for rejection
|l Slovensky
|
| 245 |
1 |
0 |
|a Boží liek na odmietnutie
|c Derek, Prince; [slovenský preklad: Milena Kačmarčíková]
|
| 250 |
|
|
|a 1. vyd.
|
| 260 |
|
|
|a Košice
|b Publishing House Dunamis
|c 2005
|
| 300 |
|
|
|a 88 s.
|c 17 cm
|
| 500 |
|
|
|a Zozn.
|
| 506 |
|
|
|a 1500 výtl.
|
| 650 |
0 |
7 |
|a kresťanská láska
|2 SNKPH
|9 4352
|
| 650 |
0 |
7 |
|a kresťanská viera
|2 SNKPH
|9 1712
|
| 650 |
0 |
7 |
|a biblické citáty
|2 SNKPH
|9 1914
|
| 650 |
0 |
7 |
|a životné problémy
|2 SNKPH
|9 4390
|
| 655 |
|
7 |
|a rozpravy
|2 SNKPH
|9 70559
|
| 700 |
1 |
|
|a Kačmarčíková, Milena
|4 trl
|9 489513
|
| 919 |
|
|
|a 80-969150-9-6
|
| 968 |
|
|
|b ENG
|d 2
|
| 999 |
|
|
|c 758556
|d 760486
|
| 952 |
|
|
|a SNK
|b SNK
|y PREZ
|7 0
|p 17A0471087
|o snkSD 74782
|i snk2005/8736
|8 0
|0 0
|1 0
|4 0
|d 2005-05-23
|l 0
|r 2025-11-21 00:00:00
|w 2026-02-23
|
| 952 |
|
|
|a SNK
|b SNK
|y VYP
|7 0
|p 17A0471088
|o snkSD 74782 D1
|i snk2005/8737
|8 0
|0 0
|1 0
|4 0
|d 2005-05-23
|l 0
|r 2017-06-30 00:00:00
|w 2026-02-23
|